[Event "DVM U20 2023"]
[Site "Magdeburg GER"]
[Date "2023.12.27"]
[Round "1"]
[White "Becker, Samuel"]
[Black "Pivtorak, Illia"]
[Result "1-0"]
[Termination "normal"]
[Board "7.5"]
[WhiteElo "1338"]
[BlackElo "1684"]
[WhiteClock "00:32:15"]
[BlackClock "00:10:55"]
[WhiteTeam "SF Essen-Katernberg 04/32"]
[BlackTeam "SK König Plauen"]
[PlyCount "57"]
[WhiteFideId "16271653"]
[BlackFideId "14194317"]
[EventCountry "GER"]
[EventRounds "7"]
[EventType "team-swiss"]
[EventDate "2023.12.26"]

1. e4 {[%clk 01:30:57]} {[%emt 00:00:04]} e5 {[%clk 01:30:55]} {[%emt
00:00:05]} 2. Nf3 {[%clk 01:31:19]} {[%emt 00:00:07]} Nc6 {[%clk 01:31:09]}
{[%emt 00:00:16]} 3. d4 {[%clk 01:31:41]} {[%emt 00:00:08]} exd4 {[%clk
01:31:29]} {[%emt 00:00:11]} 4. Nxd4 {[%clk 01:31:59]} {[%emt 00:00:13]} Bc5
{[%clk 01:31:26]} {[%emt 00:00:32]} 5. Nb3 {[%clk 01:32:19]} {[%emt 00:00:10]}
Bb6 {[%clk 01:27:05]} {[%emt 00:04:51]} 6. Nc3 {[%clk 01:32:27]} {[%emt
00:00:23]} Qf6 {[%clk 01:19:03]} {[%emt 00:08:31]} 7. Qe2 {[%clk 01:32:46]}
{[%emt 00:00:11]} Nge7 {[%clk 01:19:03]} {[%emt 00:00:31]} 8. Be3 {[%clk
01:28:26]} {[%emt 00:04:48]} d6 {[%clk 01:12:38]} {[%emt 00:06:55]} 9. O-O-O
{[%clk 01:28:04]} {[%emt 00:00:53]} O-O {[%clk 01:10:32]} {[%emt 00:02:37]} 10.
Qd2 {[%clk 01:22:26]} {[%emt 00:06:06]} Re8 {[%clk 00:56:37]} {[%emt 00:14:27]}
11. Bc4 {[%clk 01:18:10]} {[%emt 00:04:45]} Ne5 {[%clk 00:53:31]} {[%emt
00:03:37]} 12. Be2 {[%clk 01:15:42]} {[%emt 00:01:39]} Ng4 {[%clk 00:48:21]}
{[%emt 00:06:57]} 13. Bxg4 {[%clk 01:13:01]} {[%emt 00:03:11]} Bxg4 {[%clk
00:48:41]} {[%emt 00:00:10]} 14. f3 {[%clk 01:13:23]} {[%emt 00:00:07]} Be6
{[%clk 00:47:15]} {[%emt 00:01:57]} 15. Nd4 {[%clk 01:12:05]} {[%emt 00:01:49]}
Bc4 {[%clk 00:44:56]} {[%emt 00:02:48]} 16. h4 {[%clk 01:08:53]} {[%emt
00:03:41]} Nc6 {[%clk 00:31:53]} {[%emt 00:13:34]} 17. Kb1 {[%clk 01:02:14]}
{[%emt 00:07:09]} Qe5 {[%clk 00:28:25]} {[%emt 00:03:57]} 18. h5 {[%clk
00:52:57]} {[%emt 00:09:47]} a5 {[%clk 00:22:25]} {[%emt 00:06:31]} 19. f4
{[%clk 00:48:37]} {[%emt 00:04:50]} Qc5 {[%clk 00:20:30]} {[%emt 00:02:25]} 20.
Nf5 {[%clk 00:43:21]} {[%emt 00:05:45]} Qb4 {[%clk 00:19:01]} {[%emt 00:02:01]}
21. a3 {[%clk 00:43:24]} {[%emt 00:00:26]} Bxe3 {[%clk 00:19:24]} {[%emt
00:00:07]} 22. Qxe3 {[%clk 00:40:20]} {[%emt 00:03:34]} Qc5 {[%clk 00:19:24]}
{[%emt 00:00:30]} 23. Qg3 {[%clk 00:38:17]} {[%emt 00:02:33]} g6 {[%clk
00:19:29]} {[%emt 00:00:23]} 24. hxg6 {[%clk 00:36:38]} {[%emt 00:02:09]} fxg6
{[%clk 00:18:11]} {[%emt 00:01:50]} 25. Rxh7 {[%clk 00:33:29]} {[%emt
00:03:39]} Bf7 {[%clk 00:14:07]} {[%emt 00:04:34]} 26. Rdh1 {[%emt 00:01:29]}
Kf8 {[%clk 00:11:23]} {[%emt 00:03:11]} 27. Rh8+ {[%clk 00:31:56]} {[%emt
00:01:06]} Bg8 {[%clk 00:11:47]} {[%emt 00:00:07]} 28. Qxg6 {[%clk 00:32:10]}
{[%emt 00:00:15]} Qc4 {[%clk 00:10:55]} {[%emt 00:01:23]} 29. Qg7# {[%clk
00:32:15]} {[%emt 00:00:25]} 1-0

[Event "DVM U20 2023"]
[Site "Magdeburg GER"]
[Date "2023.12.27"]
[Round "1"]
[White "Bühring, Marwin"]
[Black "Mark, Erwin Nikolaus"]
[Result "1-0"]
[Termination "normal"]
[Board "7.6"]
[WhiteElo "1427"]
[BlackElo "1304"]
[WhiteClock "00:37:06"]
[BlackClock "00:32:14"]
[WhiteTeam "SK König Plauen"]
[BlackTeam "SF Essen-Katernberg 04/32"]
[PlyCount "80"]
[WhiteFideId "16281985"]
[BlackFideId "34681566"]
[EventCountry "GER"]
[EventRounds "7"]
[EventType "team-swiss"]
[EventDate "2023.12.26"]

1. e4 {[%clk 01:30:44]} {[%emt 00:00:15]} e6 {[%clk 01:30:49]} {[%emt
00:00:11]} 2. d4 {[%clk 01:31:00]} {[%emt 00:00:14]} d5 {[%clk 01:31:06]}
{[%emt 00:00:13]} 3. exd5 {[%clk 01:31:23]} {[%emt 00:00:07]} exd5 {[%clk
01:31:22]} {[%emt 00:00:14]} 4. Bd3 {[%clk 01:31:43]} {[%emt 00:00:10]} Nf6
{[%clk 01:30:35]} {[%emt 00:01:17]} 5. h3 {[%clk 01:31:32]} {[%emt 00:00:41]}
Be7 {[%clk 01:29:36]} {[%emt 00:01:29]} 6. Nf3 {[%clk 01:31:40]} {[%emt
00:00:22]} O-O {[%clk 01:29:37]} {[%emt 00:00:29]} 7. O-O {[%clk 01:32:01]}
{[%emt 00:00:10]} c5 {[%clk 01:28:07]} {[%emt 00:01:59]} 8. dxc5 {[%clk
01:31:09]} {[%emt 00:01:23]} Bxc5 {[%clk 01:27:13]} {[%emt 00:01:23]} 9. Nc3
{[%clk 01:30:35]} {[%emt 00:01:05]} Be6 {[%clk 01:26:36]} {[%emt 00:01:08]} 10.
Bg5 {[%clk 01:28:59]} {[%emt 00:02:07]} Be7 {[%clk 01:26:00]} {[%emt 00:01:06]}
11. Nd4 {[%clk 01:26:17]} {[%emt 00:03:10]} Nbd7 {[%clk 01:19:45]} {[%emt
00:06:45]} 12. Re1 {[%clk 01:22:12]} {[%emt 00:04:35]} Qb6 {[%clk 01:15:45]}
{[%emt 00:04:31]} 13. Rb1 {[%clk 01:13:57]} {[%emt 00:08:45]} Bc5 {[%clk
01:12:15]} {[%emt 00:03:59]} 14. Na4 {[%clk 01:11:15]} {[%emt 00:03:12]} Qd6
{[%clk 01:08:47]} {[%emt 00:03:58]} 15. Bxf6 {[%clk 01:05:34]} {[%emt
00:06:11]} Nxf6 {[%clk 01:08:39]} {[%emt 00:00:39]} 16. Nxc5 {[%clk 01:03:55]}
{[%emt 00:02:09]} Qxc5 {[%clk 01:07:10]} {[%emt 00:00:10]} 17. Nxe6 {[%clk
01:04:13]} {[%emt 00:02:00]} fxe6 {[%clk 01:07:37]} {[%emt 00:00:02]} 18. Rxe6
{[%clk 01:04:32]} {[%emt 00:00:12]} Rae8 {[%clk 01:03:44]} {[%emt 00:04:22]}
19. Rxe8 {[%clk 01:02:00]} {[%emt 00:03:04]} Rxe8 {[%clk 01:04:12]} {[%emt
00:00:01]} 20. Qd2 {[%clk 01:01:40]} {[%emt 00:00:50]} Rf8 {[%clk 00:51:56]}
{[%emt 00:12:45]} 21. Re1 {[%clk 00:59:07]} {[%emt 00:03:04]} g6 {[%clk
00:49:02]} {[%emt 00:03:23]} 22. Re6 {[%clk 00:56:23]} {[%emt 00:03:14]} Qd4
{[%clk 00:46:16]} {[%emt 00:03:16]} 23. c3 {[%clk 00:55:02]} {[%emt 00:01:51]}
Qc5 {[%clk 00:45:21]} {[%emt 00:01:24]} 24. Qe2 {[%clk 00:41:28]} {[%emt
00:14:04]} Nh5 {[%clk 00:40:45]} {[%emt 00:05:08]} 25. Re7 {[%clk 00:35:50]}
{[%emt 00:06:08]} Nf4 {[%clk 00:39:11]} {[%emt 00:02:04]} 26. Qe5 {[%clk
00:35:04]} {[%emt 00:01:16]} Qxf2+ {[%clk 00:38:49]} {[%emt 00:00:52]} 27. Kxf2
{[%clk 00:35:21]} {[%emt 00:00:14]} Nxd3+ {[%clk 00:39:11]} {[%emt 00:00:07]}
28. Ke3 {[%clk 00:35:31]} {[%emt 00:00:20]} Nxe5 {[%clk 00:39:37]} {[%emt
00:00:04]} 29. Rxe5 {[%clk 00:35:57]} {[%emt 00:00:05]} Rd8 {[%clk 00:39:11]}
{[%emt 00:00:55]} 30. Re7 {[%clk 00:35:49]} {[%emt 00:00:38]} Rd6 {[%clk
00:35:57]} {[%emt 00:03:45]} 31. Rxb7 {[%clk 00:35:49]} {[%emt 00:00:29]} Ra6
{[%clk 00:36:06]} {[%emt 00:00:20]} 32. a3 {[%clk 00:36:11]} {[%emt 00:00:09]}
Ra5 {[%clk 00:35:41]} {[%emt 00:00:54]} 33. Kd4 {[%clk 00:36:20]} {[%emt
00:00:22]} a6 {[%clk 00:35:25]} {[%emt 00:00:46]} 34. Rd7 {[%clk 00:36:33]}
{[%emt 00:00:18]} Rb5 {[%clk 00:35:04]} {[%emt 00:00:49]} 35. b4 {[%clk
00:36:59]} {[%emt 00:00:04]} Rb6 {[%clk 00:34:28]} {[%emt 00:01:07]} 36. Kxd5
{[%clk 00:37:21]} {[%emt 00:00:08]} Rf6 {[%clk 00:34:43]} {[%emt 00:00:15]} 37.
c4 {[%clk 00:36:59]} {[%emt 00:00:52]} Rf2 {[%clk 00:34:33]} {[%emt 00:00:41]}
38. c5 {[%clk 00:36:45]} {[%emt 00:00:43]} h5 {[%clk 00:32:34]} {[%emt
00:02:29]} 39. c6 {[%clk 00:36:45]} {[%emt 00:00:29]} Kf8 {[%clk 00:33:02]}
{[%emt 00:00:02]} 40. c7 {[%clk 00:37:06]} {[%emt 00:00:11]} Rd2+ {[%clk
00:32:14]} {[%emt 00:01:17]} 1-0

[Event "DVM U20 2023"]
[Site "Magdeburg GER"]
[Date "2023.12.27"]
[Round "1"]
[White "Lohr, Maximilian"]
[Black "Pikalow, Michael"]
[Result "1-0"]
[Termination "normal"]
[Board "8.1"]
[WhiteElo "2061"]
[BlackElo "2083"]
[WhiteClock "00:46:20"]
[BlackClock "00:08:08"]
[WhiteTeam "FC Ergolding 1932"]
[BlackTeam "USC Magdeburg"]
[PlyCount "56"]
[WhiteFideId "12999717"]
[BlackFideId "16227638"]
[EventCountry "GER"]
[EventRounds "7"]
[EventType "team-swiss"]
[EventDate "2023.12.26"]

1. d4 {[%clk 01:30:56]} {[%emt 00:00:03]} Nf6 {[%clk 01:23:26]} {[%emt
00:07:35]} 2. c4 {[%clk 01:31:00]} {[%emt 00:00:25]} c5 {[%clk 01:23:51]}
{[%emt 00:00:05]} 3. d5 {[%clk 01:31:25]} {[%emt 00:00:06]} b5 {[%clk
01:24:18]} {[%emt 00:00:02]} 4. cxb5 {[%clk 01:31:24]} {[%emt 00:00:30]} a6
{[%clk 01:24:45]} {[%emt 00:00:04]} 5. e3 {[%clk 01:31:37]} {[%emt 00:00:17]}
e6 {[%clk 01:24:59]} {[%emt 00:00:17]} 6. dxe6 {[%clk 01:31:57]} {[%emt
00:00:09]} fxe6 {[%clk 01:25:27]} {[%emt 00:00:02]} 7. Nf3 {[%clk 01:32:00]}
{[%emt 00:00:28]} d5 {[%clk 01:25:50]} {[%emt 00:00:07]} 8. Nc3 {[%clk
01:32:09]} {[%emt 00:00:21]} Be7 {[%clk 01:24:28]} {[%emt 00:01:51]} 9. Be2
{[%clk 01:27:56]} {[%emt 00:04:44]} O-O {[%clk 01:24:40]} {[%emt 00:00:17]} 10.
O-O {[%clk 01:28:07]} {[%emt 00:00:19]} axb5 {[%clk 01:18:49]} {[%emt
00:06:22]} 11. Bxb5 {[%clk 01:27:35]} {[%emt 00:01:02]} Qc7 {[%clk 01:18:10]}
{[%emt 00:01:09]} 12. Re1 {[%clk 01:11:45]} {[%emt 00:16:20]} Bb7 {[%clk
01:13:45]} {[%emt 00:04:55]} 13. a4 {[%clk 00:59:47]} {[%emt 00:12:27]} e5
{[%clk 01:10:33]} {[%emt 00:03:42]} 14. e4 {[%clk 00:59:15]} {[%emt 00:01:03]}
d4 {[%clk 01:04:57]} {[%emt 00:06:05]} 15. Bc4+ {[%clk 00:58:42]} {[%emt
00:01:02]} Kh8 {[%clk 01:02:52]} {[%emt 00:02:36]} 16. Nb5 {[%clk 00:58:39]}
{[%emt 00:00:33]} Qb6 {[%clk 00:50:41]} {[%emt 00:12:41]} 17. Nxe5 {[%emt
00:01:13]} Nxe4 {[%clk 00:43:33]} {[%emt 00:07:07]} 18. f3 {[%clk 00:50:56]}
{[%emt 00:08:01]} Bh4 {[%clk 00:25:18]} {[%emt 00:18:46]} 19. Rxe4 {[%clk
00:48:41]} {[%emt 00:02:44]} Bxe4 {[%clk 00:24:59]} {[%emt 00:00:50]} 20. fxe4
{[%clk 00:49:06]} {[%emt 00:00:05]} Qf6 {[%clk 00:20:35]} {[%emt 00:04:54]} 21.
Qf3 {[%clk 00:48:27]} {[%emt 00:01:09]} Qe7 {[%clk 00:15:56]} {[%emt 00:05:10]}
22. Nf7+ {[%clk 00:48:06]} {[%emt 00:00:50]} Kg8 {[%clk 00:15:56]} {[%emt
00:00:31]} 23. g3 {[%clk 00:48:08]} {[%emt 00:00:27]} Bf6 {[%clk 00:13:59]}
{[%emt 00:02:28]} 24. e5 {[%clk 00:48:31]} {[%emt 00:00:07]} Ra6 {[%clk
00:14:11]} {[%emt 00:00:18]} 25. Nbd6 {[%clk 00:47:31]} {[%emt 00:01:30]} Rxd6
{[%clk 00:07:50]} {[%emt 00:06:50]} 26. Nxd6+ {[%clk 00:47:53]} {[%emt
00:00:09]} Kh8 {[%clk 00:08:16]} {[%emt 00:00:04]} 27. exf6 {[%clk 00:46:38]}
{[%emt 00:01:45]} Rxf6 {[%clk 00:08:03]} {[%emt 00:00:43]} 28. Nf7+ {[%clk
00:46:20]} {[%emt 00:00:48]} Kg8 {[%clk 00:08:08]} {[%emt 00:00:24]} 1-0

[Event "DVM U20 2023"]
[Site "Magdeburg GER"]
[Date "2023.12.27"]
[Round "1"]
[White "Schiffner, Robin"]
[Black "Mooser, Nicolas"]
[Result "0-1"]
[Termination "normal"]
[Board "8.2"]
[WhiteElo "1588"]
[BlackElo "2028"]
[WhiteClock "00:35:58"]
[BlackClock "00:28:30"]
[WhiteTeam "USC Magdeburg"]
[BlackTeam "FC Ergolding 1932"]
[PlyCount "120"]
[WhiteFideId "16210328"]
[BlackFideId "12979406"]
[EventCountry "GER"]
[EventRounds "7"]
[EventType "team-swiss"]
[EventDate "2023.12.26"]

1. e4 {[%clk 01:30:56]} {[%emt 00:00:04]} c5 {[%clk 01:30:54]} {[%emt
00:00:06]} 2. Nf3 {[%clk 01:31:18]} {[%emt 00:00:07]} e6 {[%clk 01:31:21]}
{[%emt 00:00:05]} 3. g3 {[%clk 01:31:39]} {[%emt 00:00:09]} Nc6 {[%clk
01:30:27]} {[%emt 00:01:24]} 4. d3 {[%clk 01:30:41]} {[%emt 00:01:27]} a6
{[%clk 01:26:51]} {[%emt 00:04:05]} 5. Bg2 {[%clk 01:27:56]} {[%emt 00:03:16]}
b5 {[%clk 01:25:16]} {[%emt 00:02:05]} 6. c4 {[%clk 01:22:58]} {[%emt
00:05:27]} Bb7 {[%clk 01:24:14]} {[%emt 00:01:33]} 7. O-O {[%clk 01:20:05]}
{[%emt 00:03:23]} d6 {[%clk 01:23:33]} {[%emt 00:01:11]} 8. a4 {[%clk
01:17:01]} {[%emt 00:03:33]} bxc4 {[%clk 01:14:12]} {[%emt 00:09:51]} 9. dxc4
{[%clk 01:17:09]} {[%emt 00:00:22]} Nf6 {[%clk 01:11:46]} {[%emt 00:02:56]} 10.
Re1 {[%clk 01:13:28]} {[%emt 00:04:10]} Be7 {[%clk 01:04:49]} {[%emt 00:07:28]}
11. Nc3 {[%clk 01:11:06]} {[%emt 00:02:52]} O-O {[%clk 01:03:51]} {[%emt
00:01:27]} 12. Bf4 {[%clk 01:09:49]} {[%emt 00:01:47]} Nd4 {[%clk 00:56:37]}
{[%emt 00:07:45]} 13. e5 {[%clk 01:03:04]} {[%emt 00:07:15]} Nxf3+ {[%clk
00:55:38]} {[%emt 00:01:30]} 14. Bxf3 {[%clk 01:03:25]} {[%emt 00:00:08]} Bxf3
{[%clk 00:56:04]} {[%emt 00:00:04]} 15. Qxf3 {[%clk 01:03:46]} {[%emt
00:00:09]} dxe5 {[%clk 00:56:02]} {[%emt 00:00:32]} 16. Bxe5 {[%clk 01:03:10]}
{[%emt 00:01:07]} Nd7 {[%clk 00:49:20]} {[%emt 00:07:12]} 17. Bf4 {[%clk
01:00:20]} {[%emt 00:03:18]} Bf6 {[%clk 00:38:00]} {[%emt 00:11:51]} 18. Red1
{[%clk 00:56:36]} {[%emt 00:04:13]} Qc8 {[%clk 00:37:38]} {[%emt 00:00:54]} 19.
Rab1 {[%clk 00:53:44]} {[%emt 00:03:20]} Ne5 {[%clk 00:35:19]} {[%emt
00:02:51]} 20. Qe2 {[%clk 00:51:22]} {[%emt 00:02:50]} Nc6 {[%clk 00:33:31]}
{[%emt 00:02:20]} 21. Ne4 {[%clk 00:49:56]} {[%emt 00:01:55]} Be7 {[%clk
00:27:35]} {[%emt 00:06:26]} 22. Be3 {[%clk 00:47:00]} {[%emt 00:03:23]} Ne5
{[%clk 00:25:13]} {[%emt 00:02:54]} 23. Rd2 {[%clk 00:44:44]} {[%emt 00:02:44]}
Qc6 {[%clk 00:25:11]} {[%emt 00:00:34]} 24. Bf4 {[%clk 00:43:35]} {[%emt
00:01:36]} Ng6 {[%clk 00:23:19]} {[%emt 00:02:26]} 25. Bd6 {[%clk 00:41:03]}
{[%emt 00:03:01]} Bxd6 {[%clk 00:22:10]} {[%emt 00:01:40]} 26. Rxd6 {[%clk
00:41:22]} {[%emt 00:00:10]} Qxa4 {[%clk 00:21:28]} {[%emt 00:01:11]} 27. Nxc5
{[%clk 00:39:57]} {[%emt 00:01:54]} Qb4 {[%clk 00:21:17]} {[%emt 00:00:41]} 28.
Ne4 {[%clk 00:37:55]} {[%emt 00:02:31]} f5 {[%clk 00:12:49]} {[%emt 00:09:00]}
29. Qd2 {[%clk 00:37:08]} {[%emt 00:01:14]} Qxc4 {[%clk 00:11:47]} {[%emt
00:01:35]} 30. Nc3 {[%clk 00:36:20]} {[%emt 00:01:16]} Rae8 {[%clk 00:10:28]}
{[%emt 00:01:50]} 31. Ra1 {[%clk 00:35:01]} {[%emt 00:01:48]} f4 {[%clk
00:08:45]} {[%emt 00:02:15]} 32. Raxa6 {[%clk 00:31:25]} {[%emt 00:04:04]} fxg3
{[%clk 00:09:08]} {[%emt 00:00:09]} 33. hxg3 {[%clk 00:31:31]} {[%emt
00:00:23]} Rf6 {[%clk 00:06:30]} {[%emt 00:03:08]} 34. Qe3 {[%clk 00:28:44]}
{[%emt 00:03:15]} Qg4 {[%clk 00:05:25]} {[%emt 00:01:37]} 35. Ne4 {[%clk
00:23:29]} {[%emt 00:05:40]} Rf3 {[%clk 00:05:21]} {[%emt 00:00:39]} 36. Qe1
{[%clk 00:20:21]} {[%emt 00:03:36]} Nh4 {[%clk 00:04:37]} {[%emt 00:01:17]} 37.
Nd2 {[%clk 00:18:56]} {[%emt 00:01:51]} Ref8 {[%clk 00:03:29]} {[%emt
00:01:41]} 38. Qxe6+ {[%clk 00:15:17]} {[%emt 00:04:10]} Qxe6 {[%emt 00:00:17]}
39. Rxe6 {[%clk 00:15:41]} Rxf2 {[%clk 00:04:07]} {[%emt 00:00:10]} 40. gxh4
{[%clk 00:15:46]} {[%emt 00:00:25]} Rxd2 {[%clk 00:04:32]} {[%emt 00:00:06]}
41. b4 {[%clk 00:13:57]} {[%emt 00:02:17]} Rd4 {[%clk 00:02:39]} {[%emt
00:02:25]} 42. b5 {[%clk 00:12:50]} {[%emt 00:01:35]} Rg4+ {[%clk 00:00:42]}
{[%emt 00:02:28]} 43. Kh2 {[%clk 00:12:52]} {[%emt 00:00:27]} Rxh4+ {[%clk
00:01:09]} {[%emt 00:00:04]} 44. Kg3 {[%clk 00:13:08]} {[%emt 00:00:11]} Rb4
{[%clk 00:01:25]} {[%emt 00:00:17]} 45. b6 {[%clk 00:12:52]} {[%emt 00:00:45]}
Rb8 {[%clk 00:28:43]} {[%emt 00:03:13]} 46. Ra7 {[%clk 00:40:51]} {[%emt
00:02:31]} R4xb6 {[%clk 00:27:59]} {[%emt 00:00:44]} 47. Ree7 {[%clk 00:40:57]}
{[%emt 00:00:19]} Rg6+ {[%clk 00:28:52]} {[%emt 00:00:13]} 48. Kf4 {[%clk
00:40:15]} {[%emt 00:01:10]} Rf8+ {[%clk 00:29:04]} {[%emt 00:00:19]} 49. Ke4
{[%clk 00:40:20]} {[%emt 00:00:24]} h6 {[%clk 00:29:21]} {[%emt 00:00:14]} 50.
Ke3 {[%clk 00:38:46]} {[%emt 00:02:03]} Kh7 {[%clk 00:29:29]} {[%emt 00:00:23]}
51. Ke2 {[%clk 00:38:59]} {[%emt 00:00:17]} Rg2+ {[%clk 00:29:19]} {[%emt
00:00:41]} 52. Ke3 {[%clk 00:38:32]} {[%emt 00:00:53]} Rf6 {[%clk 00:29:19]}
{[%emt 00:00:33]} 53. Kd3 {[%clk 00:37:19]} {[%emt 00:01:41]} h5 {[%clk
00:29:34]} {[%emt 00:00:16]} 54. Ke3 {[%clk 00:37:23]} {[%emt 00:00:26]} Kh6
{[%clk 00:29:55]} {[%emt 00:00:09]} 55. Ra5 {[%clk 00:36:54]} {[%emt 00:00:57]}
Rg3+ {[%clk 00:29:08]} {[%emt 00:01:19]} 56. Ke2 {[%clk 00:37:04]} {[%emt
00:00:15]} Rgf3 {[%clk 00:27:44]} {[%emt 00:01:59]} 57. Ree5 {[%clk 00:35:58]}
{[%emt 00:01:32]} g6 {[%clk 00:28:02]} {[%emt 00:00:16]} 58. Rg5 {[%clk
00:35:44]} {[%emt 00:00:39]} R3f5 {[%clk 00:28:09]} {[%emt 00:00:29]} 59. Raxf5
{[%clk 00:35:52]} {[%emt 00:00:23]} Rxf5 {[%clk 00:28:07]} {[%emt 00:00:32]}
60. Rxf5 {[%clk 00:35:58]} {[%emt 00:00:24]} gxf5 {[%clk 00:28:30]} {[%emt
00:00:07]} 0-1

[Event "DVM U20 2023"]
[Site "Magdeburg GER"]
[Date "2023.12.27"]
[Round "1"]
[White "Astner, Sebastian"]
[Black "Rabenstein, Jonathan"]
[Result "1/2-1/2"]
[Termination "normal"]
[Board "8.3"]
[WhiteElo "1881"]
[BlackElo "1441"]
[WhiteClock "00:29:03"]
[BlackClock "00:10:48"]
[WhiteTeam "FC Ergolding 1932"]
[BlackTeam "USC Magdeburg"]
[PlyCount "59"]
[WhiteFideId "12979422"]
[BlackFideId "16298462"]
[EventCountry "GER"]
[EventRounds "7"]
[EventType "team-swiss"]
[EventDate "2023.12.26"]

1. e4 {[%clk 01:30:57]} {[%emt 00:00:01]} e5 {[%clk 01:30:50]} {[%emt
00:00:10]} 2. Nf3 {[%clk 01:31:19]} {[%emt 00:00:08]} Nc6 {[%clk 01:31:11]}
{[%emt 00:00:09]} 3. d4 {[%clk 01:31:42]} {[%emt 00:00:07]} exd4 {[%clk
01:31:21]} {[%emt 00:00:20]} 4. Nxd4 {[%clk 01:31:56]} {[%emt 00:00:18]} Bb4+
{[%clk 01:30:26]} {[%emt 00:01:24]} 5. c3 {[%clk 01:31:32]} {[%emt 00:00:54]}
Bc5 {[%clk 01:30:48]} {[%emt 00:00:07]} 6. Be3 {[%clk 01:30:57]} {[%emt
00:01:05]} Qf6 {[%clk 01:28:47]} {[%emt 00:02:32]} 7. Bb5 {[%clk 01:28:31]}
{[%emt 00:02:56]} Nge7 {[%clk 01:27:36]} {[%emt 00:01:41]} 8. O-O {[%clk
01:27:21]} {[%emt 00:01:40]} Bb6 {[%clk 01:24:15]} {[%emt 00:03:51]} 9. Na3
{[%clk 01:18:31]} {[%emt 00:09:21]} a6 {[%clk 01:12:02]} {[%emt 00:12:42]} 10.
Ba4 {[%clk 01:12:36]} {[%emt 00:06:25]} O-O {[%clk 01:09:49]} {[%emt 00:02:44]}
11. Nxc6 {[%clk 01:08:17]} {[%emt 00:04:49]} bxc6 {[%clk 01:07:05]} {[%emt
00:03:14]} 12. Bxb6 {[%clk 01:06:58]} {[%emt 00:01:49]} cxb6 {[%clk 01:07:24]}
{[%emt 00:00:11]} 13. Bb3 {[%clk 01:05:21]} {[%emt 00:02:07]} b5 {[%clk
01:01:54]} {[%emt 00:06:01]} 14. f4 {[%clk 01:03:05]} {[%emt 00:02:45]} d6
{[%clk 00:59:05]} {[%emt 00:03:19]} 15. Qe2 {[%clk 00:56:57]} {[%emt 00:06:38]}
Ng6 {[%clk 00:55:34]} {[%emt 00:04:01]} 16. Rae1 {[%clk 00:52:18]} {[%emt
00:05:09]} Nxf4 {[%clk 00:42:02]} {[%emt 00:14:01]} 17. Qf3 {[%clk 00:47:33]}
{[%emt 00:05:14]} g5 {[%clk 00:39:32]} {[%emt 00:03:01]} 18. g3 {[%clk
00:43:01]} {[%emt 00:05:03]} Nh3+ {[%clk 00:39:20]} {[%emt 00:00:42]} 19. Kg2
{[%clk 00:43:22]} {[%emt 00:00:08]} Qxf3+ {[%clk 00:34:21]} {[%emt 00:05:30]}
20. Rxf3 {[%clk 00:43:46]} {[%emt 00:00:07]} g4 {[%clk 00:33:10]} {[%emt
00:01:40]} 21. Rf6 {[%clk 00:43:38]} {[%emt 00:00:38]} Be6 {[%clk 00:33:20]}
{[%emt 00:00:20]} 22. Re2 {[%clk 00:41:59]} {[%emt 00:02:09]} Rae8 {[%clk
00:30:47]} {[%emt 00:03:03]} 23. Nc2 {[%clk 00:39:21]} {[%emt 00:03:08]} Kg7
{[%clk 00:25:58]} {[%emt 00:05:19]} 24. Rf1 {[%clk 00:38:51]} {[%emt 00:01:00]}
c5 {[%clk 00:24:40]} {[%emt 00:01:48]} 25. Ne3 {[%clk 00:36:03]} {[%emt
00:03:18]} c4 {[%clk 00:21:00]} {[%emt 00:04:11]} 26. Bc2 {[%clk 00:34:24]}
{[%emt 00:02:09]} f5 {[%clk 00:18:48]} {[%emt 00:02:42]} 27. Rd2 {[%clk
00:33:43]} {[%emt 00:01:10]} fxe4 {[%clk 00:15:35]} {[%emt 00:03:43]} 28. Rxf8
{[%clk 00:32:34]} {[%emt 00:01:40]} Rxf8 {[%clk 00:14:02]} {[%emt 00:02:03]}
29. Bxe4 {[%clk 00:32:15]} {[%emt 00:00:49]} Bc8 {[%clk 00:10:48]} {[%emt
00:03:44]} 30. Bd5 {[%clk 00:29:03]} {[%emt 00:03:42]} 1/2-1/2